| Поле | Название | Значение |
| |
Тип записи |
a |
| |
Библиографический уровень |
m |
| 001 |
Контрольный номер |
RU\infra-m\znanium\bibl\2235780 |
| 005 |
Дата корректировки |
20260429142132.8 |
| 008 |
Кодируемые данные |
260327s2025 RU g rus u |
| 020 |
Индекс ISBN |
__ |
| a |
ISBN |
978-5-9614-7194-6 |
| 040 |
Источник каталогиз. |
__ |
| a |
Служба первич. каталог. |
Общество с ограниченной ответственностью «ЗНАНИУМ» |
| 041 |
Код языка издания |
__ |
| a |
Код языка текста |
rus |
| 044 |
Код страны публикации |
__ |
| a |
Код страны публикации |
RU |
| 080 |
Индекс УДК |
__ |
| a |
Индекс УДК |
791 |
| 084 |
Индекс другой классификации/Индекс ББК |
__ |
| 2 |
Источник индекса |
rubbk |
| a |
Индекс другой классификации/Индекс ББК |
8537 |
| 100 |
Автор |
__ |
| a |
Автор |
Бекмамбетов Т. |
| q |
Полное имя |
Бекмамбетов Тимур |
| 245 |
Заглавие |
__ |
| a |
Заглавие |
Скринлайф: В поисках нового языка кино |
| b |
Продолж. заглавия |
Научно-популярная литература |
| 250 |
Сведения об издании |
__ |
| a |
Основные сведения об издании |
1 |
| 260 |
Выходные данные |
__ |
| a |
Место издания |
Москва |
| b |
Издательство |
ООО "Альпина Паблишер" |
| c |
Дата издания |
2026 |
| 300 |
Физическое описание |
__ |
| a |
Объем |
168 с. |
| 520 |
Аннотация |
__ |
| a |
Аннотация |
В 2015 году на экраны вышел голливудский фильм который перевернул представления о том как можно снимать кино: в триллере «Убрать из друзей» все что увидели зрители был экран компьютера. Действие фильма разворачивалось на рабочем столе среди папок и открытых вкладок в интернете соцсетей и поисковиков. Перенести в кино нашу жизнь на экранах устройств - компьютеров и смартфонов - придумал режиссер и продюсер Тимур Бекмамбетов он же подарил название новому формату кино — скринлайф. С тех пор фильмы в новом формате собрали десятки миллионов долларов в мировом прокате и премии на самых престижных кинофестивалях мира - от Берлинале до «Сандэнса». В этой книге идеолог скринлайфа Тимур Бекмамбетов вместе с российскими и голливудскими коллегами расскажет как создавать кино на экране своего компьютера и телефона — от идеи и сценария до съемок и монтажа. |
| 521 |
Примеч. о цел. назн. |
__ |
| a |
Примеч. о целев. назн. |
Дополнительное профессиональное образование |
| 650 |
Тематические рубрики |
__ |
| a |
Основная рубрика |
Архитектура. Искусство |
| x |
Основная подрубрика |
Фотоискусство. Киноискусство |
| 655 |
Указ. предметных рубрик (устаревшее) |
__ |
| a |
Жанр/ форма (устаревшее) |
Научно-популярная литература |
| 856 |
Электронный адрес документа |
4_ |
| a |
Имя сервера/домена |
znanium.ru |
| m |
Помощь |
ebs_support@infra-m.ru |
| n |
Местонахождение сервера |
НИЦ ИНФРА-М |
| u |
URL |
https://znanium.ru/catalog/document?id=473800 |
| 856 |
Электронный адрес документа |
48 |
| a |
Имя сервера/домена |
znanium.ru |
| d |
Путь |
/cover/2235 |
| f |
Электронное имя |
2235780.jpg |
| q |
Тип электронного формата |
image/jpeg |
| u |
URL |
https://znanium.ru/cover/2235/2235780.jpg |
| 911 |
|
__ |
| u |
|
0030=https://znanium.ru/catalog/document?id=473800 |